00257nam a22001097a 4500008004100000020001800041041000800059080001000067100000700077101000800084245005500092181218b xxu||||| |||| 00| 0 eng d a9780070111110 aeng a159.9 a49 aPSI aLectures on the Psychology of WomencChrisler, J.C